banner-ar

The Piano: A history. / (Record no. 17296)

MARC details
000 -الفاتح
حقل البيانات ثابتة الطول 00398nam a2200157Ia 4500
008 - عناصر البيانات ثابتة الطول - معلومات عامة
حقل البيانات ثابتة الطول 140319s9999 xx 000 0 eng d
040 ## - مصدر الفهرسة
وكالة الفهرسة الأصلية GCL /
وكالة النسخ GCL
082 04 - رقم تصنيف ديوى العشرى
رقم التصنيف 786.2109
رقم المادة E P
100 1# - المدخل الرئيسى - إسم شخصى
الإسم الشخصى EBRLICH, CGRIL
245 10 - بيان العنوان
العنوان The Piano: A history. /
بيان المسئوليه,etc EBRLICH, CGRIL
260 ## - PUBLICATION, DISTRIBUTION, ETC. (IMPRINT)
تاريخ النشر أو التوزيع 1990
300 ## - الوصف المادى
التعداد 254
650 04 - المدخل الاضافى بالموضوع-مصطلح موضوعى
مصطلح موضوعي PIANO - HISTORY
942 ## - عناصر المدخل الإضافي( كوها)
مصدر التصنيف او مخطط الترفيف Dewey Decimal Classification
Koha [default] item type كتاب
260 ## - PUBLICATION, DISTRIBUTION, ETC. (IMPRINT)
-- [S.N] :
-- CLARENDON PRESS ،
Holdings
حالة التراجع حالة الفقد حالة تلف ليس للاعارة المكان المؤقت الموقع الحالى تاريخ الاكتساب اجمالي اﻻعارات رقم الطلب الباركود تاريخ اخر مشاهدة تاريخ تفعيل السعر نوع وعاء كوها
        مكتبة القاهرة الكبرى مكتبة القاهرة الكبرى 03/26/2014   786.2109\E P 31134 03/26/2014 03/26/2014 كتاب

Powered By

EGPV